000 00560nam a22001937a 4500
005 20210423060124.0
008 210222s1961 ||||| |||| 00| 0 eng d
040 _aeng
_cDLC
041 _aeng
080 _a821.111
_bS-84
100 _91063
_aStevenson, Elizabeth
245 _aLafcadio Hearn
_c/ by: The Macmillan Company
260 _aNew York
_bThe Macmillan Company
_c1961
300 _a362 p.
_bill.
365 _b6.95 usd
650 0 _9254
_aEnglish literature
653 _aინგლისური ლიტერატურა
942 _2udc
_cBK
999 _c1648
_d1648